One Piece Transformations - Statistics

General Stats
  • This quiz has been taken 216 times
  • The average score is 9 of 25
Answer Stats
Hint Answer % Correct
Luffy, Episode 272 Gear 2nd
66%
Luffy, Episode 288 Gear 3rd
65%
Chopper, Episode 290 Monster Point
63%
Luffy, Episode 1071 Gear 5th
54%
Luffy, Episode 870 Gear 4th Snakeman
49%
Carrot, Episode 862 Sulong
46%
Sanji, Episode 298 Diable Jambe
44%
Luffy, Episode 726 Gear 4th Bounce man
43%
Luffy, Episode 806 Gear 4th Tankman
42%
Luffy, Episode 372 Nightmare Luffy
42%
Chopper, Episode 554<= Horn Point
40%
Chopper, Episode 554<= Kung Fu Point
39%
Chopper, Episode 81<= Arm Point
37%
Franky, Episode 557 General Franky
37%
Sanji, Episode 1061 Ifrit Jambe
37%
Zoro, Episode 403 Asura
34%
Chopper, Episode 81<= Brain Point
34%
Zoro, Episode 1062 King of Hell
32%
Chopper, Episode 81<= Jump Point
29%
Chopper, Episode 81<= Guard Point
28%
Chopper, Episode 81<= Walk Point
25%
Chopper, Episode 81<= Heavy Point
16%
Robin, Episode 1044 Demonio Fleur
12%
Sanji, Episode 878 Raid Suit
10%
Yamato, Episode 1041 Hybrid Form
4%
No matching quizzes found
Score Distribution
Percent of People with Each Score
Percentile by Number Answered
Your Score History
You have not taken this quiz